[Event "PokerStars Masters 2nd"]
[Site "Douglas"]
[Date "2015.10.08"]
[Round "6.45"]
[White "Weinstein, Shaul"]
[Black "Walton, Alan J"]
[Result "0-1"]
[WhiteElo "1991"]
[BlackElo "2205"]
[PlyCount "80"]
[EventDate "2015.10.03"]
[EventType "swiss"]
[EventRounds "9"]
[EventCountry "IOM"]
[SourceTitle "twic1065-1099"]
[Source "Mark Crowther"]
[SourceDate "2015.12.04"]
[SourceVersion "1"]
[SourceVersionDate "2015.12.04"]
[SourceQuality "1"]

1. d4 e6 2. Nf3 f5 3. Nc3 Nf6 4. Bg5 Bb4 5. e3 O-O 6. Be2 d6 7. O-O Bxc3 8.
bxc3 h6 9. Bh4 Nc6 10. Rb1 g5 11. Bg3 Ne4 12. Qd3 Qf6 13. h4 Ne7 14. hxg5 hxg5
15. Nd2 Nxd2 16. Qxd2 f4 17. exf4 gxf4 18. Bh2 Ng6 19. Rb5 e5 20. Bh5 c6 21.
dxe5 dxe5 22. Ra5 b6 23. Ra3 Nh4 24. Kh1 Be6 25. Qe2 Bd5 26. f3 Nf5 27. c4 Ng3+
28. Bxg3 fxg3 29. Bg4 Be6 30. f4 Qh4+ 31. Bh3 Bxh3 32. gxh3 Qxh3+ 33. Kg1 exf4
34. Raf3 Rae8 35. Qd2 Rd8 36. Rd3 Rxd3 37. cxd3 Qg4 38. c5 f3 39. Qc3 Qh3 40.
Qb3+ Rf7 0-1

[Event "PokerStars Masters 2nd"]
[Site "Douglas"]
[Date "2015.10.08"]
[Round "6.46"]
[White "Zahn, Alina"]
[Black "Klein, Gernot"]
[Result "1-0"]
[WhiteElo "2130"]
[BlackElo "1881"]
[PlyCount "121"]
[EventDate "2015.10.03"]
[EventType "swiss"]
[EventRounds "9"]
[EventCountry "IOM"]
[SourceTitle "twic1065-1099"]
[Source "Mark Crowther"]
[SourceDate "2015.12.04"]
[SourceVersion "1"]
[SourceVersionDate "2015.12.04"]
[SourceQuality "1"]

1. e4 c5 2. Nf3 e6 3. d4 cxd4 4. Nxd4 a6 5. Bd3 Bc5 6. Nb3 Be7 7. Qg4 g6 8. Qe2
d6 9. a4 Nd7 10. Na3 Ne5 11. Nc4 b6 12. Nxe5 dxe5 13. O-O Bb7 14. Be3 Bg5 15.
Bxg5 Qxg5 16. a5 Qd8 17. Rfd1 Qc7 18. axb6 Qxb6 19. Na5 Bc8 20. Nc4 Qc7 21. Ra3
Nf6 22. Nd6+ Kf8 23. Nxc8 Qxc8 24. Rxa6 Rxa6 25. Bxa6 Qa8 26. Bd3 Kg7 27. Qe1
Rd8 28. Ra1 Qb7 29. b3 Rd4 30. Qa5 Qb8 31. f3 Rd8 32. g3 Qd6 33. Ra4 Rc8 34.
Qb4 Qc7 35. Kg2 Nd7 36. Qd2 Nb6 37. Ra2 Rd8 38. Qe3 Rd5 39. Be2 Rd8 40. c4 Rd4
41. Rc2 Qc5 42. Qc3 Qc7 43. c5 Nd7 44. b4 f5 45. exf5 exf5 46. f4 Qb7+ 47. c6
Qa8 48. fxe5 Re4 49. Bf3 Nb6 50. e6+ Kg8 51. Bxe4 fxe4 52. Qe3 Nd5 53. Qxe4 Qa4
54. Rd2 Nf6 55. Qc4 Kg7 56. Qc3 Qb5 57. Rf2 Qd5+ 58. Qf3 Ne4 59. Re2 Nc3 60.
Qxd5 Nxd5 61. e7 1-0

[Event "PokerStars Masters 2nd"]
[Site "Douglas"]
[Date "2015.10.08"]
[Round "6.47"]
[White "Sipos, Silvester"]
[Black "Ottosen, David"]
[Result "1/2-1/2"]
[WhiteElo "2003"]
[BlackElo "2096"]
[PlyCount "59"]
[EventDate "2015.10.03"]
[EventType "swiss"]
[EventRounds "9"]
[EventCountry "IOM"]
[SourceTitle "twic1065-1099"]
[Source "Mark Crowther"]
[SourceDate "2015.12.04"]
[SourceVersion "1"]
[SourceVersionDate "2015.12.04"]
[SourceQuality "1"]

1. e4 e6 2. d4 d5 3. Bd3 c5 4. c3 Nc6 5. Ne2 cxd4 6. cxd4 dxe4 7. Bxe4 Nf6 8.
Bd3 g6 9. O-O Bg7 10. Nbc3 O-O 11. Bb5 Ne7 12. Bg5 a6 13. Bd3 Bd7 14. Qd2 Bc6
15. Rad1 Ned5 16. a3 Qc7 17. h3 Rac8 18. Rfe1 b5 19. Bh6 Qb7 20. Bxg7 Kxg7 21.
Nxd5 Bxd5 22. Nf4 Bc6 23. Re5 Rfd8 24. Rde1 Rxd4 25. Nh5+ Nxh5 26. Rxh5 gxh5
27. Qg5+ Kf8 28. Qf6 Rxd3 29. Rxe6 Kg8 30. Qg5+ 1/2-1/2

[Event "PokerStars Masters 2nd"]
[Site "Douglas"]
[Date "2015.10.08"]
[Round "6.48"]
[White "Hewson, Brian Wr"]
[Black "Winter, Kevin"]
[Result "0-1"]
[WhiteElo "2059"]
[BlackElo "1811"]
[PlyCount "56"]
[EventDate "2015.10.03"]
[EventType "swiss"]
[EventRounds "9"]
[EventCountry "IOM"]
[SourceTitle "twic1065-1099"]
[Source "Mark Crowther"]
[SourceDate "2015.12.04"]
[SourceVersion "1"]
[SourceVersionDate "2015.12.04"]
[SourceQuality "1"]

1. d4 Nf6 2. Nf3 g6 3. Bg5 Bg7 4. Nbd2 h6 5. Bf4 d6 6. h3 Nh5 7. Bh2 Nd7 8. e3
e6 9. Bd3 Qe7 10. Nc4 b6 11. c3 Bb7 12. Qa4 O-O 13. Ncd2 e5 14. Bb5 Nb8 15.
dxe5 dxe5 16. g4 Nf6 17. Bxe5 Rd8 18. O-O a6 19. Be2 Nbd7 20. Bxc7 Nc5 21. Bxd8
Rxd8 22. Qa3 h5 23. Nd4 hxg4 24. hxg4 Nxg4 25. Bxg4 Qh4 26. Rfd1 Qxg4+ 27. Kf1
Bg2+ 28. Kg1 Bh3+ 0-1

[Event "PokerStars Masters 2nd"]
[Site "Douglas"]
[Date "2015.10.08"]
[Round "6.49"]
[White "Johnson, Paul A"]
[Black "Fox, Anthony"]
[Result "1/2-1/2"]
[WhiteElo "1882"]
[BlackElo "2031"]
[PlyCount "73"]
[EventDate "2015.10.03"]
[EventType "swiss"]
[EventRounds "9"]
[EventCountry "IOM"]
[SourceTitle "twic1065-1099"]
[Source "Mark Crowther"]
[SourceDate "2015.12.04"]
[SourceVersion "1"]
[SourceVersionDate "2015.12.04"]
[SourceQuality "1"]

1. d4 d5 2. Nf3 Nf6 3. c4 e6 4. Nc3 Be7 5. Bg5 h6 6. Bh4 O-O 7. e3 b6 8. Bd3
Bb7 9. cxd5 Nxd5 10. Bxe7 Qxe7 11. Rc1 Rc8 12. O-O c5 13. Qe2 Nd7 14. Nxd5 exd5
15. b3 a5 16. a4 Nf8 17. Rfd1 Ne6 18. Qb2 Rc7 19. Rd2 Rac8 20. Rdc2 cxd4 21.
Nxd4 Nxd4 22. Rxc7 Rxc7 23. exd4 Rxc1+ 24. Qxc1 Qb4 25. Qe3 g6 26. Bc2 h5 27.
h3 Qd6 28. f4 Kg7 29. Kf2 Qc6 30. Bb1 Bc8 31. Kf3 h4 32. f5 Bxf5 33. Bxf5 gxf5
34. Qg5+ Kf8 35. Qd8+ Kg7 36. Qg5+ Kf8 37. Qd8+ 1/2-1/2

[Event "PokerStars Masters 2nd"]
[Site "Douglas"]
[Date "2015.10.08"]
[Round "6.50"]
[White "Logallo, Claudio"]
[Black "Cafolla, Peter"]
[Result "1-0"]
[WhiteElo "2067"]
[BlackElo "2067"]
[PlyCount "121"]
[EventDate "2015.10.03"]
[EventType "swiss"]
[EventRounds "9"]
[EventCountry "IOM"]
[SourceTitle "twic1065-1099"]
[Source "Mark Crowther"]
[SourceDate "2015.12.04"]
[SourceVersion "1"]
[SourceVersionDate "2015.12.04"]
[SourceQuality "1"]

1. d4 d5 2. Nc3 Nf6 3. Bg5 Bg4 4. f3 Bh5 5. h4 h6 6. Bxf6 exf6 7. g4 Bg6 8. h5
Bh7 9. e3 Bd6 10. f4 c6 11. Bd3 Bxd3 12. Qxd3 Nd7 13. Nge2 b5 14. Ng3 Qa5 15.
Nf5 Bf8 16. e4 Nb6 17. exd5 Nxd5 18. O-O O-O-O 19. Nxd5 cxd5 20. Ne3 Qb6 21. a4
b4 22. c3 a5 23. Rac1 Kb7 24. c4 dxc4 25. Rxc4 Bd6 26. Nd5 Qa6 27. Rfc1 Rc8 28.
b3 Rxc4 29. Rxc4 Rc8 30. Ne3 Kb8 31. Rxc8+ Qxc8 32. Qb5+ Qb7 33. Qxb7+ Kxb7 34.
f5 Bc7 35. Kf2 Bb6 36. Nc2 Kc6 37. Ke3 Kd5 38. Kd3 Bc7 39. Ne3+ Kc6 40. Ke4 Kd6
41. Kd3 Kc6 42. Kc4 Bb6 43. Nf1 Bc7 44. Nd2 Bb6 45. Ne4 Bd8 46. d5+ Kb7 47.
Nd6+ Kc7 48. Nxf7 Be7 49. d6+ Bxd6 50. Nxd6 Kxd6 51. Kb5 Kd5 52. Kxa5 Kc5 53.
Ka6 Kd4 54. Kb7 Kc3 55. a5 Kxb3 56. a6 Kc2 57. a7 b3 58. a8=Q b2 59. Qa2 Kc1
60. Qc4+ Kd2 61. Qb3 1-0

[Event "PokerStars Masters 2nd"]
[Site "Douglas"]
[Date "2015.10.09"]
[Round "7.1"]
[White "Naiditsch, Arkadij"]
[Black "Harikrishna, Pentala"]
[Result "0-1"]
[WhiteElo "2682"]
[BlackElo "2737"]
[PlyCount "112"]
[EventDate "2015.10.03"]
[EventType "swiss"]
[EventRounds "9"]
[EventCountry "IOM"]
[SourceTitle "twic1065-1099"]
[Source "Mark Crowther"]
[SourceDate "2015.12.04"]
[SourceVersion "1"]
[SourceVersionDate "2015.12.04"]
[SourceQuality "1"]

1. e4 e6 2. d4 d5 3. Nc3 Nf6 4. Bg5 dxe4 5. Nxe4 Be7 6. Bxf6 gxf6 7. Nf3 a6 8.
Qd2 f5 9. Nc3 b5 10. O-O-O b4 11. Ne2 Bb7 12. Kb1 Qd6 13. Ne5 Bd5 14. Qe1 Nd7
15. Nf4 c6 16. Bd3 Bf6 17. Nxd5 cxd5 18. f4 Qb6 19. Be2 h5 20. Rd3 Rc8 21. Qd2
Be7 22. Rb3 Nf6 23. Rd1 a5 24. a4 Ne4 25. Qe1 Bf6 26. c3 Qc7 27. cxb4 Qc2+ 28.
Ka2 axb4 29. Bd3 Nc3+ 30. Qxc3 Rxc3 31. Bxc2 Rxc2 32. Rxb4 O-O 33. Nd7 Be7 34.
Rb7 Ra8 35. Nb6 Ra6 36. Rd3 Bd6 37. Rg3+ Kh8 38. Kb3 Rc7 39. Rb8+ Kh7 40. Rgg8
Bxf4 41. Rh8+ Kg7 42. Rhg8+ Kf6 43. Rgd8 Rca7 44. Re8 Bxh2 45. Ka3 Bg1 46. Ra8
Bxd4 47. Nd7+ Kg5 48. Rxa7 Rxa7 49. Nb8 Ra8 50. b4 Ba7 51. a5 Rxb8 52. Rxb8
Bxb8 53. b5 Bc7 54. b6 Bd8 55. Kb4 d4 56. Kc4 e5 0-1

[Event "PokerStars Masters 2nd"]
[Site "Douglas"]
[Date "2015.10.09"]
[Round "7.3"]
[White "Sargissian, Gabriel"]
[Black "Tiviakov, Sergei"]
[Result "1-0"]
[WhiteElo "2679"]
[BlackElo "2612"]
[PlyCount "95"]
[EventDate "2015.10.03"]
[EventType "swiss"]
[EventRounds "9"]
[EventCountry "IOM"]
[SourceTitle "twic1065-1099"]
[Source "Mark Crowther"]
[SourceDate "2015.12.04"]
[SourceVersion "1"]
[SourceVersionDate "2015.12.04"]
[SourceQuality "1"]

1. c4 e5 2. Nc3 Nc6 3. g3 g6 4. Bg2 Bg7 5. e4 d6 6. Nge2 Nge7 7. d3 Nd4 8. Nxd4
exd4 9. Ne2 c6 10. h4 h5 11. Bg5 Be6 12. Qd2 a5 13. O-O Qb6 14. Rfb1 Bc8 15. b4
axb4 16. Rxb4 Qc7 17. Rb3 Ra7 18. Qb2 O-O 19. Rb1 c5 20. Bxe7 Qxe7 21. Nf4 Be5
22. Nd5 Qd8 23. Ra3 Ra5 24. Rxa5 Qxa5 25. Kh2 Be6 26. Nb6 Bf6 27. Bh3 Bd8 28.
Nd7 Bxd7 29. Bxd7 b6 30. Bc6 Kg7 31. Kg2 Qa7 32. Qc2 Bf6 33. Rb3 Rc8 34. Bd5 g5
35. hxg5 Bxg5 36. Qb2 Rb8 37. Ra3 Qe7 38. Qe2 Rh8 39. Ra6 Qc7 40. Qf3 Bf6 41.
Qf5 Rh6 42. Ra8 h4 43. g4 h3+ 44. Kh1 Bd8 45. g5 Rh8 46. Rxd8 Rxd8 47. Qf6+ Kf8
48. g6 1-0

[Event "PokerStars Masters 2nd"]
[Site "Douglas"]
[Date "2015.10.09"]
[Round "7.4"]
[White "Donchenko, Alexander"]
[Black "Granda Zuniga, Julio E"]
[Result "1/2-1/2"]
[WhiteElo "2577"]
[BlackElo "2667"]
[PlyCount "93"]
[EventDate "2015.10.03"]
[EventType "swiss"]
[EventRounds "9"]
[EventCountry "IOM"]
[SourceTitle "twic1065-1099"]
[Source "Mark Crowther"]
[SourceDate "2015.12.04"]
[SourceVersion "1"]
[SourceVersionDate "2015.12.04"]
[SourceQuality "1"]

1. d4 Nf6 2. c4 e6 3. g3 Bb4+ 4. Bd2 a5 5. Bg2 O-O 6. e4 c5 7. Bxb4 axb4 8. e5
Ne8 9. dxc5 Na6 10. Nf3 Nxc5 11. O-O d6 12. exd6 Qf6 13. Qd2 Ra4 14. Re1 e5 15.
Qe3 Qxd6 16. Nxe5 Nc7 17. Nd2 N7e6 18. Nb3 Nxb3 19. Qxb3 Nc5 20. Qe3 Be6 21. b3
Ra5 22. Rad1 Qc7 23. Re2 h6 24. Bd5 Re8 25. Qf3 Re7 26. h4 Ra6 27. Qh5 Bxd5 28.
cxd5 g6 29. Qg4 Rxe5 30. Rxe5 Qxe5 31. Qc8+ Kg7 32. Qxc5 Rxa2 33. Qxb4 Qf6 34.
Qc5 Ra1 35. Rxa1 Qxa1+ 36. Kg2 Qe5 37. b4 g5 38. hxg5 hxg5 39. Qc4 Kf6 40. Kf3
g4+ 41. Kg2 Ke7 42. Qb5 Qe4+ 43. Kf1 Qb1+ 44. Ke2 Qe4+ 45. Kd2 Qd4+ 46. Ke1
Qe4+ 47. Kd2 1/2-1/2

[Event "PokerStars Masters 2nd"]
[Site "Douglas"]
[Date "2015.10.09"]
[Round "7.5"]
[White "Rambaldi, Francesco"]
[Black "Kuzubov, Yuriy"]
[Result "1-0"]
[WhiteElo "2547"]
[BlackElo "2641"]
[PlyCount "72"]
[EventDate "2015.10.03"]
[EventType "swiss"]
[EventRounds "9"]
[EventCountry "IOM"]
[SourceTitle "twic1065-1099"]
[Source "Mark Crowther"]
[SourceDate "2015.12.04"]
[SourceVersion "1"]
[SourceVersionDate "2015.12.04"]
[SourceQuality "1"]

1. e4 c5 2. Nf3 Nc6 3. Bb5 e6 4. Bxc6 bxc6 5. b3 d5 6. e5 Ne7 7. d3 Ng6 8. h4
h5 9. Bb2 Be7 10. c4 f6 11. g3 fxe5 12. Nxe5 Nxe5 13. Bxe5 Bf6 14. Qe2 Qa5+ 15.
Kf1 Bxe5 16. Qxe5 O-O 17. Kg2 Bd7 18. Qxh5 e5 19. Qe2 Bf5 20. Nd2 Rad8 21. Rhe1
Rfe8 22. Qe3 e4 23. dxe4 dxe4 24. Nf1 Rf8 25. Qg5 Rd3 26. Ne3 Bh7 27. Re2 Qc3
28. Rae1 Qd4 29. h5 Rf6 30. Ng4 Rf8 31. h6 Qd7 32. Rh1 e3 33. f3 Rf5 34. Qxg7+
Qxg7 35. hxg7 Kxg7 36. Rhe1 Rf8 1-0

[Event "PokerStars Masters 2nd"]
[Site "Douglas"]
[Date "2015.10.09"]
[Round "7.6"]
[White "Movsesian, Sergei"]
[Black "Swayams, Mishra"]
[Result "1-0"]
[WhiteElo "2658"]
[BlackElo "2444"]
[PlyCount "45"]
[EventDate "2015.10.03"]
[EventType "swiss"]
[EventRounds "9"]
[EventCountry "IOM"]
[SourceTitle "twic1065-1099"]
[Source "Mark Crowther"]
[SourceDate "2015.12.04"]
[SourceVersion "1"]
[SourceVersionDate "2015.12.04"]
[SourceQuality "1"]

1. c4 e6 2. Nc3 Bb4 3. e4 c5 4. g3 Ne7 5. Bg2 Nbc6 6. Nge2 O-O 7. O-O Nd4 8. a3
Bxc3 9. dxc3 Nxe2+ 10. Qxe2 d6 11. e5 Ng6 12. exd6 Qxd6 13. h4 e5 14. h5 Ne7
15. h6 Ng6 16. f4 exf4 17. hxg7 Kxg7 18. Bxf4 Qe6 19. Be3 Bd7 20. Rae1 Qd6 21.
Qf2 Rac8 22. Rd1 Qe7 23. Rxd7 1-0

[Event "PokerStars Masters 2nd"]
[Site "Douglas"]
[Date "2015.10.09"]
[Round "7.9"]
[White "Grandelius, Nils"]
[Black "Merry, Alan B"]
[Result "1-0"]
[WhiteElo "2647"]
[BlackElo "2335"]
[PlyCount "83"]
[EventDate "2015.10.03"]
[EventType "swiss"]
[EventRounds "9"]
[EventCountry "IOM"]
[SourceTitle "twic1065-1099"]
[Source "Mark Crowther"]
[SourceDate "2015.12.04"]
[SourceVersion "1"]
[SourceVersionDate "2015.12.04"]
[SourceQuality "1"]

1. e4 e6 2. d4 d5 3. Nc3 Bb4 4. e5 c5 5. a3 Bxc3+ 6. bxc3 Qa5 7. Bd2 Qa4 8. Qg4
g6 9. Nf3 c4 10. Be2 Qxc2 11. a4 Nc6 12. a5 f6 13. Qg3 fxe5 14. Nxe5 Nf6 15. f3
Nh5 16. Qg5 Qf5 17. Qe3 Nxe5 18. dxe5 Ng7 19. g4 Qf7 20. Qd4 Bd7 21. Bc1 Bc6
22. Ba3 a6 23. Qb6 Rc8 24. Qd4 Bb5 25. O-O Rc6 26. Bd1 Kd7 27. Bc2 Kc8 28. Qa7
Qc7 29. Bd6 Rxd6 30. exd6 Qxd6 31. Ba4 Kc7 32. Rfb1 Qc6 33. Qd4 Rg8 34. Bxb5
axb5 35. Qf4+ Kc8 36. a6 Qc5+ 37. Kg2 Rf8 38. Qxf8+ Qxf8 39. a7 Qf4 40. a8=Q+
Kc7 41. Rxb5 Qd2+ 42. Kh1 1-0

[Event "PokerStars Masters 2nd"]
[Site "Douglas"]
[Date "2015.10.09"]
[Round "7.10"]
[White "L'Ami, Erwin"]
[Black "Jones, Gawain C"]
[Result "1/2-1/2"]
[WhiteElo "2619"]
[BlackElo "2623"]
[PlyCount "132"]
[EventDate "2015.10.03"]
[EventType "swiss"]
[EventRounds "9"]
[EventCountry "IOM"]
[SourceTitle "twic1065-1099"]
[Source "Mark Crowther"]
[SourceDate "2015.12.04"]
[SourceVersion "1"]
[SourceVersionDate "2015.12.04"]
[SourceQuality "1"]

1. d4 Nf6 2. c4 g6 3. Nf3 Bg7 4. g3 O-O 5. Bg2 d6 6. O-O Nc6 7. Nc3 Rb8 8. Bf4
a6 9. Rc1 Bd7 10. Qd2 b5 11. Nd5 bxc4 12. Nxf6+ Bxf6 13. Rxc4 e5 14. Bh6 Re8
15. dxe5 Nxe5 16. Nxe5 Bxe5 17. b3 Bb5 18. Rc2 c5 19. Rd1 a5 20. e3 a4 21. Bd5
Qc8 22. Bf4 Bxf4 23. gxf4 Bd7 24. Kh1 axb3 25. axb3 Be6 26. Rc3 Qa6 27. Kg2 Rb4
28. h3 Rb6 29. Kg3 Qc8 30. h4 h5 31. f3 Bxd5 32. Qxd5 Qe6 33. e4 Qxd5 34. Rxd5
Reb8 35. Rcd3 Rxb3 36. Rxb3 Rxb3 37. Rxd6 c4 38. Rc6 Rc3 39. f5 gxf5 40. e5 Rc1
41. Kf4 c3 42. Kg5 Kg7 43. Kxf5 c2 44. f4 Kg8 45. Rc8+ Kg7 46. Rc3 Kh7 47. Kf6
Rf1 48. Rxc2 Rxf4+ 49. Kg5 Re4 50. Rc5 Rg4+ 51. Kxh5 Rg6 52. Rd5 Rg1 53. Rd7
Kg8 54. Rd4 Re1 55. Kh6 Kf8 56. Rd5 Ke7 57. h5 f6 58. exf6+ Kxf6 59. Rd7 Rh1
60. Ra7 Rh2 61. Ra5 Rg2 62. Kh7 Rg7+ 63. Kh8 Rg5 64. Rxg5 Kxg5 65. h6 Kg6 66.
h7 Kf7 1/2-1/2

[Event "PokerStars Masters 2nd"]
[Site "Douglas"]
[Date "2015.10.09"]
[Round "7.11"]
[White "Sengupta, Deep"]
[Black "Melkumyan, Hrant"]
[Result "0-1"]
[WhiteElo "2580"]
[BlackElo "2622"]
[PlyCount "150"]
[EventDate "2015.10.03"]
[EventType "swiss"]
[EventRounds "9"]
[EventCountry "IOM"]
[SourceTitle "twic1065-1099"]
[Source "Mark Crowther"]
[SourceDate "2015.12.04"]
[SourceVersion "1"]
[SourceVersionDate "2015.12.04"]
[SourceQuality "1"]

1. e4 e5 2. Nf3 Nc6 3. Bb5 Nf6 4. Nc3 Nd4 5. Ba4 c6 6. d3 Bc5 7. O-O d6 8. Nxd4
Bxd4 9. Ne2 Bb6 10. h3 O-O 11. Ng3 Nd7 12. Bb3 Nc5 13. Be3 Ne6 14. c3 Bxe3 15.
fxe3 a5 16. Rf2 g6 17. Nf1 Qg5 18. Qf3 Nc5 19. Bc2 a4 20. d4 Ne6 21. a3 Qh4 22.
Qg3 Qxg3 23. Nxg3 f6 24. Rd1 Nc7 25. Rfd2 Re8 26. Nf1 Kf8 27. Bb1 Ke7 28. Ba2
Rd8 29. Rd3 Be6 30. Bxe6 Nxe6 31. Nd2 h5 32. Nf3 Ra5 33. R3d2 Rb5 34. Nh4 Ng5
35. Nxg6+ Kf7 36. Nh4 Nxe4 37. Rc2 Rg8 38. Kh2 Ke6 39. Rf1 Rg5 40. Nf3 Rg3 41.
Re1 Rg8 42. Nd2 Nxd2 43. Rxd2 e4 44. Rf1 Rbg5 45. Rf4 f5 46. Rdf2 Kd5 47. Rxf5+
Kc4 48. Rxg5 Rxg5 49. Rd2 h4 50. Kg1 Rf5 51. Rd1 d5 52. Rd2 b6 53. Rd1 Rg5 54.
g4 hxg3 55. Kg2 Rf5 56. h4 Kb3 57. Rd2 Rf3 58. Re2 b5 59. Kh3 Rf2 60. Rxf2 gxf2
61. Kg2 Kxb2 62. h5 Kxa3 63. h6 Kb2 64. h7 a3 65. h8=Q a2 66. Kxf2 a1=Q 67. Qc8
Qd1 68. Qxc6 Qf3+ 69. Kg1 Qxe3+ 70. Kh1 Qe1+ 71. Kg2 Qe2+ 72. Kh1 Qc4 73. Qa6
e3 74. Kg1 b4 75. Qe6 Qxc3 0-1

[Event "PokerStars Masters 2nd"]
[Site "Douglas"]
[Date "2015.10.09"]
[Round "7.12"]
[White "Zumsande, Martin"]
[Black "Fridman, Daniel"]
[Result "1/2-1/2"]
[WhiteElo "2422"]
[BlackElo "2649"]
[PlyCount "107"]
[EventDate "2015.10.03"]
[EventType "swiss"]
[EventRounds "9"]
[EventCountry "IOM"]
[SourceTitle "twic1065-1099"]
[Source "Mark Crowther"]
[SourceDate "2015.12.04"]
[SourceVersion "1"]
[SourceVersionDate "2015.12.04"]
[SourceQuality "1"]

1. e4 c6 2. d4 d5 3. exd5 cxd5 4. c4 Nf6 5. Nc3 e6 6. Nf3 Nc6 7. cxd5 exd5 8.
Bb5 Bd6 9. O-O O-O 10. h3 a6 11. Bxc6 bxc6 12. Re1 h6 13. Ne5 c5 14. Bf4 Be6
15. dxc5 Bxc5 16. Na4 Bd6 17. Nc6 Qc7 18. Bxd6 Qxd6 19. Nd4 Rab8 20. b3 Rfc8
21. Rc1 Rxc1 22. Qxc1 Rc8 23. Qe3 Bd7 24. Nc3 Qb4 25. Rc1 a5 26. Nce2 Re8 27.
Qc3 Qb6 28. Qc7 Qa6 29. Ng3 Qd3 30. Qc3 Qxc3 31. Rxc3 Re1+ 32. Kh2 h5 33. Rc5
h4 34. Nge2 Ne4 35. Rxd5 Nxf2 36. Ng1 Be8 37. Rxa5 Ra1 38. Ra8 Kf8 39. Ndf3 Ke7
40. Nxh4 Bd7 41. Nhf3 f6 42. Nd2 g5 43. Ngf3 f5 44. Ne5 Rd1 45. Ndc4 Be6 46.
Ra7+ Kf6 47. Ra6 Rh1+ 48. Kg3 Ne4+ 49. Kf3 Rf1+ 50. Ke3 Re1+ 51. Kd4 Rd1+ 52.
Ke3 Re1+ 53. Kd4 Rd1+ 54. Ke3 1/2-1/2

[Event "PokerStars Masters 2nd"]
[Site "Douglas"]
[Date "2015.10.09"]
[Round "7.14"]
[White "Tan, Justin"]
[Black "Brunello, Sabino"]
[Result "0-1"]
[WhiteElo "2445"]
[BlackElo "2553"]
[PlyCount "66"]
[EventDate "2015.10.03"]
[EventType "swiss"]
[EventRounds "9"]
[EventCountry "IOM"]
[SourceTitle "twic1065-1099"]
[Source "Mark Crowther"]
[SourceDate "2015.12.04"]
[SourceVersion "1"]
[SourceVersionDate "2015.12.04"]
[SourceQuality "1"]

1. e4 e5 2. Nf3 Nc6 3. Nc3 Nf6 4. Bb5 Nd4 5. Bc4 Bc5 6. Nxe5 O-O 7. O-O c6 8.
Nxf7 Rxf7 9. Bxf7+ Kxf7 10. e5 Ne8 11. Ne4 Be7 12. c3 Ne6 13. d4 d5 14. Ng3 g6
15. Ne2 N6g7 16. f3 Bg5 17. g4 Bxc1 18. Qxc1 Qh4 19. Kg2 Nc7 20. h3 Bd7 21. b3
Rf8 22. Qa3 Nce6 23. Qxa7 Ng5 24. Rh1 Kg8 25. Raf1 Bf5 26. Nf4 Bc2 27. Qxb7
Rxf4 28. Qxc6 N7e6 29. Qxd5 Rf7 30. Qa8+ Rf8 31. Qxf8+ Kxf8 32. Rh2 Nf4+ 33.
Kh1 Bd3 0-1

[Event "PokerStars Masters 2nd"]
[Site "Douglas"]
[Date "2015.10.09"]
[Round "7.15"]
[White "Van Foreest, Jorden"]
[Black "Hamitevici, Vladimir"]
[Result "1-0"]
[WhiteElo "2548"]
[BlackElo "2439"]
[PlyCount "83"]
[EventDate "2015.10.03"]
[EventType "swiss"]
[EventRounds "9"]
[EventCountry "IOM"]
[SourceTitle "twic1065-1099"]
[Source "Mark Crowther"]
[SourceDate "2015.12.04"]
[SourceVersion "1"]
[SourceVersionDate "2015.12.04"]
[SourceQuality "1"]

1. e4 e5 2. Nf3 Nc6 3. Bb5 Bc5 4. O-O Nge7 5. c3 Bb6 6. d4 exd4 7. cxd4 d5 8.
exd5 Nxd5 9. Re1+ Be6 10. Bg5 Qd6 11. Nbd2 O-O 12. Nc4 Qb4 13. a4 a6 14. Bd2
Qe7 15. Nxb6 cxb6 16. Bc4 Qd6 17. Ng5 h6 18. Nxe6 fxe6 19. Qg4 Rf6 20. Ra3 Nce7
21. Rg3 Nf5 22. Rf3 Raf8 23. Re5 Nfe7 24. Rxf6 Rxf6 25. Qe4 Qc6 26. Bb3 b5 27.
a5 Kf8 28. h4 Nc7 29. Qh7 Qd6 30. Re4 Ncd5 31. Rg4 Nf5 32. Bc2 Nde7 33. d5 Qxd5
34. Bb4 Ke8 35. Bxf5 Qxf5 36. Qxg7 Qxf2+ 37. Kh2 Rf7 38. Qe5 Qf5 39. Qb8+ Kd7
40. Qxb7+ Ke8 41. Rg8+ Nxg8 42. Qc8# 1-0

[Event "PokerStars Masters 2nd"]
[Site "Douglas"]
[Date "2015.10.09"]
[Round "7.16"]
[White "Hillarp Persson, Tiger"]
[Black "Paehtz, Elisabeth"]
[Result "1-0"]
[WhiteElo "2546"]
[BlackElo "2447"]
[PlyCount "107"]
[EventDate "2015.10.03"]
[EventType "swiss"]
[EventRounds "9"]
[EventCountry "IOM"]
[SourceTitle "twic1065-1099"]
[Source "Mark Crowther"]
[SourceDate "2015.12.04"]
[SourceVersion "1"]
[SourceVersionDate "2015.12.04"]
[SourceQuality "1"]

1. d4 e6 2. Nf3 c5 3. e3 Nf6 4. Bd3 b6 5. O-O Bb7 6. c4 Be7 7. Nc3 O-O 8. d5
exd5 9. cxd5 d6 10. e4 Re8 11. Re1 Nbd7 12. h3 a6 13. a4 Nf8 14. Bf1 Ng6 15.
Nd2 Nd7 16. g3 Bf6 17. Nc4 Nde5 18. Ne3 Nd7 19. Nf5 Qc7 20. f4 c4 21. Be3 Bxc3
22. bxc3 Rxe4 23. Bg2 Ree8 24. Bd4 Rxe1+ 25. Qxe1 Nf6 26. Bxf6 gxf6 27. Qe3 Rd8
28. Qd4 Bc8 29. Ne3 b5 30. axb5 axb5 31. Ra7 Qb8 32. Qxf6 Qxa7 33. Qxd8+ Kg7
34. Kf2 Ne7 35. g4 h5 36. f5 f6 37. Qxd6 hxg4 38. hxg4 Kf7 39. Qf4 Bb7 40. d6
Bxg2 41. Kxg2 Qb7+ 42. Qf3 Nc6 43. g5 fxg5 44. Qh5+ Kg8 45. Qe8+ Kg7 46. Nd5
Nd8 47. Qe5+ Kh7 48. d7 b4 49. Qe7+ Kh6 50. Qd6+ Kg7 51. Kg3 Qa7 52. Qf6+ Kh7
53. Qe7+ Kh6 54. Qf8+ 1-0

[Event "PokerStars Masters 2nd"]
[Site "Douglas"]
[Date "2015.10.09"]
[Round "7.17"]
[White "Greenfeld, Alon"]
[Black "Williams, Simon Kim"]
[Result "1/2-1/2"]
[WhiteElo "2534"]
[BlackElo "2429"]
[PlyCount "40"]
[EventDate "2015.10.03"]
[EventType "swiss"]
[EventRounds "9"]
[EventCountry "IOM"]
[SourceTitle "twic1065-1099"]
[Source "Mark Crowther"]
[SourceDate "2015.12.04"]
[SourceVersion "1"]
[SourceVersionDate "2015.12.04"]
[SourceQuality "1"]

1. Nf3 f5 2. d3 Nc6 3. d4 e6 4. c4 Nf6 5. d5 exd5 6. cxd5 Bb4+ 7. Bd2 Nxd5 8.
Bxb4 Ndxb4 9. Nc3 a5 10. a3 Na6 11. Qd5 d6 12. e4 Nc5 13. Bb5 Be6 14. Bxc6+
bxc6 15. Qxc6+ Kf8 16. O-O-O Bd7 17. Qd5 Be6 18. Qc6 Bd7 19. Qd5 Be6 20. Qc6
Bd7 1/2-1/2